000 00496nam a2200193Ia 4500
008 210719s1998 xx 000 0 und d
020 _a0333-93189-0
041 _aeng
082 _a820.33 KRIV
100 _aKRITHIKA
245 _aVasaveswaram Tr by Sriraman, T.
260 _aChennai
_bMacmillan India Ltd.
_c1998
300 _axvii,144
_bPB
365 _b88
_cRs
650 _aEnglish Literature
650 _aIndian English Fiction
700 _aSRIRAMAN (T)
906 _aVasaveswaram
999 _c214905
_d214905